000 00342nam a22001457a 4500
008 210305b ||||| |||| 00| 0 eng d
020 _a9781602299559
041 _aeng
080 _25th
_a159.9
082 _a159.9
100 _a48
101 _aPSI
245 _aAn Active Learning Guide to Psychology
_cEttinger, R. H
942 _2udc
_cBK
999 _c55887
_d55887